000 00757nam a2200193 i 4500
001 35765
003 ES-MaACL
005 20230906155216.0
007 t|
008 030214s1955 dr af |||| | spa d
100 1 _aBoyrie Moya, Emile de.
_931201
245 1 0 _aMonumento megalítico y petroglifos de Chacuey, República Dominicana /
_cpor Emile de Boyrie Moya.
260 _aCiudad Trujillo :
_bCaribe,
_c[1955]
300 _a233 p., 63 lám. :
_b2 gráf., il. ;
_c22 cm.
500 _aPrecede al tít.: Universidad de Santo Domingo, Instituto Dominicano de Investigaciones Antropológicas.
650 4 _aMonumentos megalíticos-
_zChacuey (República Dominicana)
_9169315
710 2 _aUniversidad de Santo Domingo.
_97299
852 _aES-MaACL
_jC-11277
999 _c35765
_d35765